| Tag |
First Indicator |
Second Indicator |
Subfields |
| LEADER |
00000cam a2200000 a 4500 |
| 001 |
in00000003463 |
| 007 |
he bmb024bbca |
| 008 |
990518s1998 dcu bb f000 0 eng c |
| 005 |
20230309222516.1 |
| 035 |
|
|
|a (OCoLC)ocm41385206
|
| 035 |
|
|
|9 AJF9250AM
|
| 035 |
|
|
|a in00000003463
|
| 037 |
|
|
|a 160576
|b GAO (202) 512-6000 (Voice); (202) 512-6061 (Fax)
|f paper copy
|
| 040 |
|
|
|a GPO
|c GPO
|d OCL
|d GPO
|d DLC
|d MvI
|d UtOrBLW
|
| 042 |
|
|
|a pcc
|
| 043 |
|
|
|a n-us---
|
| 049 |
|
|
|a UMIC
|
| 049 |
|
|
|a WWW
|
| 074 |
|
|
|a 0546-D (MF)
|
| 074 |
|
|
|a 0546-D (online)
|
| 086 |
0 |
|
|a GA 1.5/2:T-GGD-98-141
|
| 100 |
1 |
|
|a Ungar, Bernard L.
|
| 245 |
1 |
0 |
|a General Services Administration :
|b many building security upgrades made but problems have hindered program implementation : statement of Bernard L. Ungar, Director, Government Business Operations Issues, General Government Division, before the Subcommittee on Public Buildings and Economic Development, Committee on Transportation and Infrastructure, House of Representatives /
|c United States General Accounting Office.
|
| 246 |
3 |
0 |
|a Many building security upgrades made but problems have hindered program implementation
|
| 264 |
|
1 |
|a Washington, D.C. :
|b The Office,
|c [1998]
|
| 300 |
|
|
|a 49 pages ;
|c 28 cm.
|
| 336 |
|
|
|a text
|b txt
|2 rdacontent
|
| 337 |
|
|
|a microform
|b h
|2 rdamedia
|
| 338 |
|
|
|a microfiche
|b he
|2 rdacarrier
|
| 490 |
1 |
|
|a Testimony ;
|v GAO/T-GGD-98-141
|
| 500 |
|
|
|a Cover title.
|
| 500 |
|
|
|a Shipping list number: 99-0336-P.
|
| 500 |
|
|
|a "June 4, 1998."
|
| 504 |
|
|
|a Includes bibliographical references.
|
| 533 |
|
|
|a Microfiche.
|b [Washington, D.C.] :
|c U.S. General Accounting Office,
|d [1999?]
|e 1 microfiche : negative.
|
| 530 |
|
|
|a Also available via Internet from the GPO Access web site. Address as of 12/28/2001: http://frwebgate.access.gpo.gov/cgi-bin/getdoc.cgi?dbname=gao&docid=f:gg98141t.pdf; current access is available via PURL.
|
| 500 |
|
|
|a Microform.
|
| 650 |
|
0 |
|a Public buildings
|x Security measures
|z United States.
|
| 650 |
|
0 |
|a Terrorism
|z United States
|x Prevention.
|
| 710 |
1 |
|
|a United States.
|b General Accounting Office.
|
| 830 |
|
0 |
|a Testimony ;
|v GAO/T-GGD-98-141.
|
| 856 |
4 |
1 |
|u https://purl.fdlp.gov/GPO/LPS16773
|z Adobe Acrobat reader required.
|t 0
|
| 999 |
|
|
|a MARS
|
| 999 |
f |
f |
|i ff45b1b2-0276-33cd-a79d-32e9939b6e58
|s 37411250-c39b-30ce-85ef-55bb716c288a
|t 0
|
| 952 |
f |
f |
|p normal
|a Texas A&M University
|b College Station
|c Sterling C. Evans Library
|d Evans: US Documents Microfiche (3rd floor)
|t 0
|e GA 1.5/2:T-GGD-98-141
|h Superintendent of Documents classification
|i microform -- microfiche
|m A14824485685
|
| 952 |
f |
f |
|a Texas A&M University
|b College Station
|c Electronic Resources
|d Available Online
|t 0
|e GA 1.5/2:T-GGD-98-141
|h Superintendent of Documents classification
|
| 998 |
f |
f |
|a GA 1.5/2:T-GGD-98-141
|t 0
|l Available Online
|
| 998 |
f |
f |
|a GA 1.5/2:T-GGD-98-141
|t 0
|l Evans: US Documents Microfiche (3rd floor)
|